000 00836cab a2200229 4500
001 WB3208-10
008 090401t1996 xxu||||| |||| 00| 0 eng d
035 _a(Sirsi) u34359
041 _aeng
245 _aGummer approves exhibition centre
260 _c1996
350 _a0
490 _aFinancial Times
_v22 February 1996, 6(1)
520 _aThe environment secretary has decided that the London Docklands Development Corporation can grant planning permission for a proposed international exhibition centre in London Docklands. Work on the £100m scheme is likely to start this year.
650 _aEXHIBITION CENTRES
650 _aLONDON DOCKLANDS DEVELOPMENT CORPORATION
650 _aLONDON DOCKLANDS
650 _aROYAL VICTORIA DOCK
690 _aPROPERTY-PROPERTY DEVELOPMENT
942 _n0
948 _c04/03/1997
999 _c22770
_d22770